000 00348nam a2200121Ia 4500
008 250110s9999 xx 000 0 und d
041 _aeng
100 _aMehta Rajvi J
_9182900
245 _aParaplegic Rehabilitation Centre For Armed Forces
260 _bBNCA B-Arch ID, Pune
_c2016
300 _a95p
700 _aGuide Name:Murugkar Kavita
_9210577
999 _c363769
_d363769